• 首页
  • 本馆介绍
  • 公告通知
  • 最新文献
  • 馆藏检索
  • 电子资源
  • 读者导购
  • 参考咨询
  • 我的图书馆
  • 登录
  • 详细信息显示
  • 放入我的书架
  • 预约/预借图书
  • 作者相关作品
  • 分类相关作品
  • 丛书相关作品
  • 出版社相关作品

书目信息

  • 表格格式
  • 工作单格式
  • 卡片格式
题名:
非此即彼
    
 
作者: 克尔凯郭尔 著 ;张进 , 张巧 导读
分册:  
出版信息: 上海   上海译文出版社  2023
页数: 15,862页
开本: 21cm
丛书名: 世界学术经典
单 册:
中图分类: B534
科图分类:
主题词: 哲学理论--丹麦--近代--英文
电子资源:
ISBN: 978-7-5327-9199-6
000 01012nam 2200289 450
001 012024000268
005 20240924225235.0
010    @a978-7-5327-9199-6@b精装@dCNY238.00
100    @a20240924d2023 em y0chiy50 ea
101 0  @aeng@gchi
102    @aCN@b310000
105    @ay z 000yy
106    @ar
200 1  @a非此即彼@Afei ci ji bi@dEither/or@f(丹麦)索伦·克尔凯郭尔(S?ren Kierkegaard)著@g张进,张巧导读 注释@zeng
210    @a上海@c上海译文出版社@d2023
215    @a15,862页@d21cm
225 2  @a世界学术经典@e英文版@i哲学@f林骧华总主编
330    @a本书是作者散文和日记书信体小说组成的集子。上卷论述美学;下卷探讨伦理的安排。
410  0 @12001 @a世界学术经典
411  0 @12001 @a哲学
606 0  @a哲学理论@y丹麦@z近代@j英文
690    @aB534@v5
701  0 @c(丹)@a克尔凯郭尔@Ake er kai guo er@c(Kierkegaard, S?ren)@4著
702  0 @a张进@Azhang jin@4导读@4注释
702  0 @a张巧@Azhang qiao@4导读@4注释
801  0 @aCN@bAHXH@c20240924
905    @b214140240@b214140259@dB534@e106@f2
    
    非此即彼=Either/or/(丹麦)索伦·克尔凯郭尔(S?ren Kierkegaard)著/张进,张巧导读 注释.-上海:上海译文出版社,2023
    15,862页;21cm.-(世界学术经典:英文版.哲学/林骧华总主编)
    
    
    ISBN 978-7-5327-9199-6(精装):CNY238.00
    本书是作者散文和日记书信体小说组成的集子。上卷论述美学;下卷探讨伦理的安排。
●
相关链接 在E读中查询图书 在五车中查询图书 在当当中查询图书 在豆瓣中查询图书


正题名:非此即彼     索取号:B534/106         预约/预借

序号 登录号 条形码 馆藏地/架位号 状态 备注
1 1414024   214140240   第一样本阅览室/ [索取号:B534/106] 在馆    
2 1414025   214140259   第一借阅区/ [索取号:B534/106] 在馆    
唐山师范学院图书馆 欢迎您!
大连网信软件有限公司© 版权所有